Naḍiyādanī sākshara tripuṭīnī smr̥timāṃ. (Record no. 82272)
[ view plain ]
| 000 -LEADER | |
|---|---|
| fixed length control field | 00755cam a22002531 4500 |
| 001 - CONTROL NUMBER | |
| control field | sa 68008149 |
| 003 - CONTROL NUMBER IDENTIFIER | |
| control field | DLC |
| 005 - DATE AND TIME OF LATEST TRANSACTION | |
| control field | 20260227112529.0 |
| 008 - FIXED-LENGTH DATA ELEMENTS--GENERAL INFORMATION | |
| fixed length control field | 941027s1966 ii c b 000 0 gujo |
| 010 ## - LIBRARY OF CONGRESS CONTROL NUMBER | |
| LC control number | sa 68008149 |
| 025 ## - OVERSEAS ACQUISITION NUMBER | |
| Overseas acquisition number | PL480:I-Gu-813 |
| 035 ## - SYSTEM CONTROL NUMBER | |
| System control number | (OCoLC)31368347 |
| 040 ## - CATALOGING SOURCE | |
| Original cataloging agency | DLC |
| Transcribing agency | CU |
| Modifying agency | CU |
| -- | DLC |
| 042 ## - AUTHENTICATION CODE | |
| Authentication code | premarc |
| 050 00 - LIBRARY OF CONGRESS CALL NUMBER | |
| Classification number | PK1851 |
| Item number | .N3 |
| 245 00 - TITLE STATEMENT | |
| Title | Naḍiyādanī sākshara tripuṭīnī smr̥timāṃ. |
| 260 ## - PUBLICATION, DISTRIBUTION, ETC. | |
| Date of publication, distribution, etc. | [1967 i.e. 1966] |
| 300 ## - PHYSICAL DESCRIPTION | |
| Extent | 6, 368 p. |
| Other physical details | ports. |
| Dimensions | 19 cm. |
| 500 ## - GENERAL NOTE | |
| General note | In Gujarati. |
| 504 ## - BIBLIOGRAPHY, ETC. NOTE | |
| Bibliography, etc. note | Bibliographical footnotes. |
| 600 10 - SUBJECT ADDED ENTRY--PERSONAL NAME | |
| Personal name | Tripathi, Govardhanarama Madhavarama, |
| Dates associated with a name | 1855-1907. |
| 600 20 - SUBJECT ADDED ENTRY--PERSONAL NAME | |
| Personal name | Dvivedi, Manilal Nabhubhai. |
| 600 10 - SUBJECT ADDED ENTRY--PERSONAL NAME | |
| Personal name | Kanthāriyā, Bālāśaṅkara Ullāsarāma, |
| Dates associated with a name | 1858-1898. |
No items available.